000 00537nam a2200205Ia 4500
005 20250326145420.0
008 250326s9999 xx 000 0 und d
037 _aTextbook
040 _aFMSL
_beng
_cFMSL
041 _aeng
_2eng
084 _qFMSL
100 _aJhonston Mark
_9751121
245 0 _aSales force management
_cJhonston Mark; Marshall Greg W
250 _a11
260 _aLondon
_bLondon, Routledge
_c2013
365 _b5646.3699999999999
650 _aManagement
942 _cTB
999 _c1307502
_d1307502